00480nam a2200169Ia 450000500170000000800410001702000220005804100080008008200130008810000220010124500720012326000380019530000090023350000230024265000230026570000220028820230228151316.0230125s9999 xx 000 0 und d a978-930515-0387-3 aeng a658bBHA aBhattacharyya D K aThe Magnetic OrganizationbAttracting and Retaining the Best Talent c2015bSage publicationaNew Delhi a192p aGeneral Management aGeneral Management aBhattacharyya D K